| 000 | 00494cam a22001694a 4500 | ||
|---|---|---|---|
| 005 | 20250605164141.0 | ||
| 008 | 250528s ||||||||||||||||||||||||d | ||
| 035 | _a18962 | ||
| 040 |
_aGR-AtMCL _bgre _dGR-AtMCL _eAACR2 |
||
| 245 | 1 | _aΝ. Εγγονόπουλος / Μυθολογία - Βυζάντιο - Επανάσταση | |
| 300 | _a38 | ||
| 700 | 1 |
_aΕγγονόπουλος Νίκος _95244 |
|
| 942 | _cBK | ||
| 260 | _bΑστρολάβος | ||
| 999 |
_c4258 _d4258 |
||